Normal view MARC view

Entry Personal Name

Number of records used in: 1

001 - CONTROL NUMBER

  • control field: 1127758

003 - CONTROL NUMBER IDENTIFIER

  • control field: OSt

005 - DATE AND TIME OF LATEST TRANSACTION

  • control field: 20260306154534.0

008 - FIXED-LENGTH DATA ELEMENTS

  • fixed length control field: 260306|| aca||aabn | a|a d

040 ## - CATALOGING SOURCE

  • Original cataloging agency: OSt
  • Transcribing agency: OSt

100 ## - HEADING--PERSONAL NAME

  • Personal name: Cavendish/Maxwell/Larmor

670 ## - SOURCE DATA FOUND

  • Source citation: Work cat.: (OSt)1707927: Cavendish/Maxwell/Larmor, The Scientific Papers of the Honourable Henry Cavendish, F. R. S Volume 1
Copyright @ Delhi University Library System